000 01133nam a22002057a 4500
003 NALT
005 20220704104257.0
008 s2552 th ||||| |||| 00| 0 tha d
040 _a์NALT
090 _aKO 22
_bร155 2552
245 0 0 _aรวมกฎหมายที่พิจารณาในคณะอนุกรรมการปรับปรุงและพัฒนากฎหมายด้านที่ดิน.
260 _aกรุงเทพฯ :
_bสำนักงานคณะกรรมการกฤษฎีกา,
_c2552.
300 _a1 เล่ม ;
_b
_c29 ซม.
650 4 _aอุทยานแห่งชาติ
_925345
_xกฎหมายและระเบียบข้อบังคับ
650 4 _aอาคารชุด
_934913
_xกฎหมายและระเบียบข้อบังคับ
650 4 _aที่ดิน
_935365
_xกฎหมายและระเบียบข้อบังคับ
850 _aNALT
942 _cLB
_2local
998 _bชวนพิชญ์ รัตนาไพบูลย์
_bphon
_cben
_j104
_k นางสาวสายฝน ดีงาม
999 _c65957
_d65957